01032 2200241 4500001002100000005001500021035002000036007000300056008004100059020002200100082001100122084001800133100003600151245015100187250000600338260004200344300002900386700003200415700003000447650001000477520028600487990001700773INLIS00000000000160220260429091314 a0010-1123000233ta260429 c 1 ind  a978-623-216-855-8 a398.2k a398.2k END d0 aEndah Suci Astuti ( Pengarang )1 aDongeng-Dongeng dari Hutan Damai :bkumpulan fabel pembentuk karakter anak /cEndah Suci Astuti; penyunting, Vera Safitri ; Ilustrasi, Gage Studio a- aJakarta :bBhuana Ilmu populer,c2020 a207 :bilus. ;c24 cme-0 aVera Safitri ( Penyunting )0 aGage Studio ( Ilustrasi ) 4aFabel aBiba, Tiko, dan Lang sedang mengadakan tamasya. Mereka akan naik balon terbang! Pasti menyenangkan, ya? Eh, tapi, ternyata balon udaranya tidak bisa terbang. Semua hewan menatap Biba. Huh, kenapa, ya? Yuk, cari tahu dan ikuti kisah seru Biba dan hewan-hewan Hutan Damai lainnya! a00162/K/2022